000 00429nam a2200133Ia 4500
008 100328s9999 xx 000 0 und d
082 _b19791
100 _aबोरगावकर शकुंतला
245 _aजावई चालून आला
260 _bभास्कर गोळे
630 _aजावई चालून आला
730 _aजावई चालून आला
942 _cBOOK
999 _c514049
_d514046